Métro Paris - Ligne 1 - Statistiques

Statistiques générales
  • Ce quiz a été pris 69 fois
  • Le résultat moyen est 18 sur 25
Réponses sur la Carte
Les réponses sont colorées sur une échelle allant du rouge au vert en fonction du pourcentage des utilisateurs qui les ont devinées à leur premier essai. Vous pouvez retrouver ces pourcentages ci-dessous.
 
Statistiques - réponses
Réponse % Correct
Châtelet
97%
La Défense
95%
Nation
89%
Château de Vincennes
84%
Gare de Lyon
84%
Charles de Gaulle - Etoile
79%
Porte de Vincennes
79%
Louvre - Rivoli
76%
Bastille
74%
Concorde
74%
Esplanade de la Défense
74%
Hôtel de Ville
74%
Saint-Paul
71%
Porte Maillot
68%
Argentine
66%
Les Sablons
66%
Palais Royal - Musée du Louvre
66%
Pont de Neuilly
63%
Tuileries
63%
Champs-Élysées - Clemenceau
61%
George V
61%
Saint-Mandé
61%
Bérault
55%
Franklin D Roosevelt
55%
Reuilly - Diderot
53%
Aucun quiz correspondant
Distribution des résultats
% des personnes avec chaque résultat
Percentile par nombre de réponses
Votre historique - résultats
Vous n’avez pas pris ce quiz